Reconstructing human origins : a modern synthesis /

This book is a Modern Synthesis of the Reconstructing Human Origins.

Gespeichert in:
Bibliographische Detailangaben
1. Verfasser: Conroy, Glenn C.
Format: Buch
Sprache:English
Veröffentlicht: New York : W. W. Norton, 1997.
Schlagworte:
Tags: Tag hinzufügen
Keine Tags, Fügen Sie den ersten Tag hinzu!
Thư viện lưu trữ: Mạng thư viện Đại học Đà Nẵng
LEADER 00977cam a2200361 i 4500
001 000047809
003 7503
005 20030312102800.0
008 010324|1997 vm 000 eng
020 |a 0393970426 
040 |a IRC  |c IRC  |d IRC 
041 0 |a eng 
082 1 4 |a 573.3  |b CO-G 
100 1 |a Conroy, Glenn C. 
245 0 0 |a Reconstructing human origins :  |b a modern synthesis /  |c Glenn C. Conroy. 
260 |a New York :  |b W. W. Norton,  |c 1997. 
300 |a 557 p. ;  |c 23.5cm. 
520 3 |a This book is a Modern Synthesis of the Reconstructing Human Origins. 
630 0 4 |a Human beings. 
630 0 4 |a Fossil hominids. 
650 0 4 |a Human beings  |x Origin. 
650 0 4 |a Fossil hominids. 
650 0 4 |a Human evolution. 
OWN |a DUT 
999 |a From the UDN01 
TYP |a Monograph 
TYP |a Printed language 
980 |a Mạng thư viện Đại học Đà Nẵng